000 00295nam a2200121Ia 4500
005 20251222141909.0
008 251222s9999||||xx |||||||||||||| ||spa||
082 _a150.194.3/M26
100 _aDon Martindale
245 0 _aComunidad, carácter y civilización:
264 _bPaidós
942 _cLIB
999 _c8321
_d8321